000 01404nam a22002777a 4500
005 20110426154449.0
008 090408t xxu||||| |||| 00| 0 hin d
010 _aHIN-92655
020 _a8175680369
_c200.00
035 _aHN-65001
037 _bDBAD / PUB
040 _aDPL
_bHN
082 _a004
100 _aशर्मा, पी. के
_927482
245 _aकम्प्यूटर के डाटा-प्रस्तुतीकरण और भाषा- सिद्धान्त /
_cपी. के.शर्मा
246 _aComputer ke Data-Prastutikaran Aur Bhasha-Sidhant
_bP.K.Sharma
260 _aदिल्ली
_bडायनामिक पब्लिकेशंस
_c2010
270 _a10/119, भीष्म मार्ग पटेल गली,विश्वास नगर, शाहदरा
_bदिल्ली
_e110032
300 _a104पृ
_c22 सेमी (सजिल्द)
650 _91169
650 _91170
700 _927483
942 _adpl
_cHN
_2ddc
_h004
_mशर्मापी
999 _c52271
_d52271